| 000 -LEADER |
| fixed length control field |
00552nam a22001817a 4500 |
| 005 - DATE AND TIME OF LATEST TRANSACTION |
| control field |
20221108162837.0 |
| 008 - FIXED-LENGTH DATA ELEMENTS--GENERAL INFORMATION |
| fixed length control field |
200824s2017 eng||||| |||| 00| 0 enk d |
| 020 ## - INTERNATIONAL STANDARD BOOK NUMBER |
| International Standard Book Number |
9781408061633X |
| 041 ## - LANGUAGE CODE |
| Language code of text/sound track or separate title |
eng |
| 080 ## - UNIVERSAL DECIMAL CLASSIFICATION NUMBER |
| Universal Decimal Classification number |
811. 111.1 M-15 |
| 100 ## - MAIN ENTRY--PERSONAL NAME |
| Personal name |
McKeegan, D. |
| 9 (RLIN) |
9295 |
| 245 ## - TITLE STATEMENT |
| Title |
Close-Up B2 English In Use TB : |
| Remainder of title |
English in USE. Teacher's Book / |
| Statement of responsibility, etc. |
D. McKeegan. |
| 264 ## - PRODUCTION, PUBLICATION, DISTRIBUTION, MANUFACTURE, AND COPYRIGHT NOTICE |
| Date of production, publication, distribution, manufacture, or copyright notice |
2017. |
| 300 ## - PHYSICAL DESCRIPTION |
| Extent |
182 p. |
| Other physical details |
30 cm. |
| 653 ## - INDEX TERM--UNCONTROLLED |
| keyword |
ინგლისური ენა |
| 653 ## - INDEX TERM--UNCONTROLLED |
| keyword |
მასწავლებლის წიგნი |
| 942 ## - ADDED ENTRY ELEMENTS (KOHA) |
| Source of classification or shelving scheme |
|
| Koha item type |
წიგნი |